L'Égypte et la genèse du surhomme /

محفوظ في:

المؤلف الرئيسي: Bernard, Jean Louis (مؤلف)

التنسيق: كتاب

اللغة: French

منشور في: Paris : La Colombe, [1957].

الموضوعات:

الوسوم: إضافة وسم

لا توجد وسوم, كن أول من يضع وسما على هذه التسجيلة!

رقم الطلب: BL2443 .B45 1957

LEADER 00551namaa2200205 4500
003 OSt
005 20250929113417.0
008 130303s1957 fr 000 0 fre d
010 |a 58043893 
040 |c ARCE Library 
043 |a f-ua--- 
050 4 |a BL2443 .B45 1957 
100 1 |a Bernard, Jean Louis,  |e author 
245 1 3 |a L'Égypte et la genèse du surhomme /   |c Jean Louis Bernard. 
264 1 |a Paris :   |b La Colombe,   |c [1957]. 
300 |a 156 pages ;   |c 21 cm. 
651 0 |a Egypt   |x Religion. 
901 |a reviewed 
942 |c BK  |2 lcc 
999 |c 1476  |d 1476